000 00777nam a2200229 i 4500
001 9449
003 ES-MaACL
005 20250827222020.0
007 t|
008 930909s1990 sp ||||1| spa d
020 _a84-7585-266-1
080 _a621-52
100 1 _aDíaz de Ilarraza Sánchez, Arantza.
_944230
245 1 0 _aVerificación de programas y metodología de la programación /
_cArantza Díaz de Ilarraza Sánchez, Francisca Lucio Carrasco.
260 _aBilbao :
_bUniversidad del País Vasco,
_cD.L. 1990.
300 _a199 p. ;
_c24 cm.
650 1 4 _aProgramación de ordenadores.
_916464
700 1 _aLucio Carrasco, Francisca.
_974595
710 2 _aUniversidad del País Vasco
_97367
852 _aES-MaACL
_jL-16793
_bR.121539
999 _c9449
_d9449